000
00215nam a2200097Ia 4500
008
240331s9999 xx 000 0 und d
082
_b
BAL
100
_a
Balan,K.N
245
0
_a
Ilanthai pazhathth puzhukkal
942
_c
L
999
_c
5389
_d
5389